Die Phänomenologie des Suizids: soziale und kriminalistische Betrachtungen
| 1. VerfasserIn: | |
|---|---|
| Medienart: | Druck Buch |
| Sprache: | Deutsch |
| Veröffentlicht: |
Frankfurt
Antheum Verlag
2023
|
| In: |
Magie der Forensik (4)
Jahr: 2023 |
| Ausgabe: | 1. Auflage |
| Online-Zugang: |
Inhaltsverzeichnis |
| Bestand in Tübingen: | In Tübingen vorhanden. IFK: C XVIII 136 |
| Verfügbarkeit prüfen: | HBZ Gateway |
| Subito Bestelldienst: | Jetzt bestellen. |
| Schlagwörter: |
MARC
| LEADER | 00000cam a2200000 c 4500 | ||
|---|---|---|---|
| 001 | 1841637890 | ||
| 003 | DE-627 | ||
| 005 | 20251226210210.0 | ||
| 007 | tu | ||
| 008 | 230405s2023 gw ||||| 00| ||ger c | ||
| 015 | |a 23,N14 |2 dnb | ||
| 016 | 7 | |a 1284592073 |2 DE-101 | |
| 020 | |a 9783959496421 |c Broschur : EUR 14.00 (DE), EUR 14.40 (AT) |9 978-3-95949-642-1 | ||
| 020 | |a 3959496427 |9 3-95949-642-7 | ||
| 024 | 3 | |a 9783959496421 | |
| 035 | |a (DE-627)1841637890 | ||
| 035 | |a (DE-599)DNB1284592073 | ||
| 035 | |a (OCoLC)1389393747 | ||
| 040 | |a DE-627 |b ger |c DE-627 |e rda | ||
| 041 | |a ger | ||
| 044 | |c XA-DE-HE | ||
| 082 | 0 | |a 364.1522 |q DE-101 |2 23/ger | |
| 082 | 0 | 4 | |a 360 |a 610 |q DE-101 |
| 084 | |a 2,1 |2 ssgn | ||
| 084 | |a KRIM |q DE-21 |2 fid | ||
| 100 | 1 | |a Lukaschewski, Manfred |d 1951- |e VerfasserIn |0 (DE-588)1197557709 |0 (DE-627)1679227122 |4 aut | |
| 109 | |a Lukaschewski, Manfred 1951- | ||
| 245 | 1 | 4 | |a Die Phänomenologie des Suizids |b soziale und kriminalistische Betrachtungen |c Dr. Manfred Lukaschewski |
| 250 | |a 1. Auflage | ||
| 264 | 1 | |a Frankfurt |b Antheum Verlag |c 2023 | |
| 300 | |a 77 Seiten |b Illustrationen |c 21 cm x 14.8 cm | ||
| 336 | |a Text |b txt |2 rdacontent | ||
| 337 | |a ohne Hilfsmittel zu benutzen |b n |2 rdamedia | ||
| 338 | |a Band |b nc |2 rdacarrier | ||
| 490 | 1 | |a Magie der Forensik |v 4 | |
| 650 | 0 | 7 | |0 (DE-588)4054423-0 |0 (DE-627)106162845 |0 (DE-576)209108606 |a Suizid |2 gnd |
| 650 | 0 | 7 | |0 (DE-588)4300400-3 |0 (DE-627)104107553 |0 (DE-576)211028487 |a Empirische Forschung |2 gnd |
| 650 | 4 | |a Historische Entwicklung |7 (dpeaa)DE-21/24-fid2,1 | |
| 650 | 4 | |a Suizidtheorie |7 (dpeaa)DE-21/24-fid2,1 | |
| 650 | 4 | |a Suizidforschung |7 (dpeaa)DE-21/24-fid2,1 | |
| 689 | 0 | 0 | |d s |0 (DE-588)4054423-0 |0 (DE-627)106162845 |0 (DE-576)209108606 |a Suizid |2 gnd |
| 689 | 0 | 1 | |d s |0 (DE-588)1199322490 |0 (DE-627)1681622963 |0 (DE-576)210133341 |a Forensik |2 gnd |
| 689 | 0 | |5 DE-101 | |
| 830 | 0 | |a Magie der Forensik |v 4 |9 4 |w (DE-627)1765648343 |w (DE-600)3078918-7 |x 2751-1588 |7 am | |
| 856 | 4 | 2 | |u https://swbplus.bsz-bw.de/bsz1841637890inh.htm |m V:DE-576 |m B:DE-Frei85 |v 20230504181641 |3 Inhaltsverzeichnis |7 1 |
| 935 | |a mkri | ||
| 951 | |a BO | ||
| ELC | |b 1 | ||
| LOK | |0 000 xxxxxcx a22 zn 4500 | ||
| LOK | |0 001 4489644132 | ||
| LOK | |0 003 DE-627 | ||
| LOK | |0 004 1841637890 | ||
| LOK | |0 005 20240701101823 | ||
| LOK | |0 008 240221||||||||||||||||ger||||||| | ||
| LOK | |0 040 |a DE-21-110 |c DE-627 |d DE-21-110 | ||
| LOK | |0 852 |a DE-21-110 | ||
| LOK | |0 852 1 |c C XVIII 136 |m p |9 00 | ||
| LOK | |0 938 |a 2402 | ||
| LOK | |0 938 |k p | ||
| LOK | |0 939 |a 21-02-24 |b l01 | ||
| LOK | |0 000 xxxxxcx a22 zn 4500 | ||
| LOK | |0 001 4309147453 | ||
| LOK | |0 003 DE-627 | ||
| LOK | |0 004 1841637890 | ||
| LOK | |0 005 20230502111745 | ||
| LOK | |0 008 230417||||||||||||||||ger||||||| | ||
| LOK | |0 040 |a DE-Frei85 |c DE-627 |d DE-Frei85 | ||
| LOK | |0 852 |a DE-Frei85 | ||
| LOK | |0 852 1 |m p |9 00 | ||
| LOK | |0 938 |k p | ||
| LOK | |0 939 |a 17-04-23 |b l01 | ||
| ORI | |a SA-MARC-krimdoka001.raw | ||
| SIG | |a IFK: C XVIII 136 | ||
